Prírodospyt (anorganická chémia) pre II. triedu meštianskych škôl

Bibliographic Details
Main Authors: Celder, Július, 1896-1967 (Author, Compiler), Pleško, Michal, 1901-1962 (Author, Compiler)
Other Authors: Uhlík, Peter, 1972- (Illustrator)
Format: Book
Language:Slovak
PhysicalDescription:162 s. 8°
Published: Turčiansky Sv. Martin Matica slovenská 1942
Subjects:

MARC

LEADER 00000cam a2200000 a 4500
001 vtls008366419
003 SK-MaSNL
005 20260302074558.0
008 250313s1942 xo 000 0 slo
015 |a SNBA19421945-024/0347 
035 |a SK01SNKBKSD220010058636 
035 |a urn:nbn:sk:snk-am3hu9t 
035 |a 55467928-D331-4B58-9659-D9192167A88B 
035 |a urn:nbn:sk:snk-am00d9kk 
035 |a SKM000061099 
040 |a SNK  |b slo  |c SNK  |e AACR2 
041 0 |a slo 
044 |a xo  |c SK 
080 |a 372(075)  |2 1981 
080 |a 54(075)  |2 1981 
100 1 |a Celder, Július,  |d 1896-1967  |4 aut  |4 com  |9 170383 
245 1 0 |a Prírodospyt (anorganická chémia)  |b pre II. triedu meštianskych škôl  |c sostavili: Július Celder a Michal Pleško ; ilustroval Peter Uhlík 
260 |a Turčiansky Sv. Martin  |b Matica slovenská  |c 1942  |e Turčiansky Sv. Martin  |f Neografia 
300 |a 162 s.  |c 8° 
650 0 7 |a anorganická chémia  |2 SNKPH  |9 850 
655 7 |a učebnice základných škôl  |2 SNKPH  |9 70187 
700 1 |a Pleško, Michal,  |d 1901-1962  |4 aut  |4 com  |9 199457 
700 1 |a Uhlík, Peter,  |d 1972-  |4 ill  |9 224234 
852 |a Slovenská národná knižnica 
958 |a OND 
958 |a RK 
958 |a TL 
999 |c 1165587  |d 1167517 
952 |a SNK  |b SNK  |y VYP  |7 0  |p 17A0654637  |o snkSD 4850 D2  |i snkF 2573/73  |8 5  |3 rekatalogizácia  |0 0  |1 0  |4 0  |d 2007-05-29  |l 0  |r 2026-02-24 20:47:35  |w 2026-02-24 
952 |a SNK  |b SNK  |y VYP  |7 0  |p 17A0654638  |o snkSD 4850 D1  |i snkF 2572/73  |8 5  |3 rekatalogizácia  |0 0  |1 0  |4 0  |d 2007-05-30  |l 0  |r 2026-02-24 20:47:35  |w 2026-02-24 
952 |a SNK  |b SNK  |y PREZ  |7 0  |p 17A0907911  |o snkSD 4850  |i snk1529/43  |0 0  |1 0  |4 0  |d 2018-06-14  |f 1  |l 0  |r 2025-11-11 00:00:00  |w 2026-02-24